| 000 | 00743nam a2200253Ia 4500 | ||
|---|---|---|---|
| 003 | OSt | ||
| 005 | 20220925231556.0 | ||
| 006 | a|||||r|||| 00| 0 | ||
| 007 | ta | ||
| 008 | 220923b |||||||| |||| 00| 0 eng d | ||
| 020 | _a0631211799 | ||
| 037 | _cGeneral Book | ||
| 040 |
_aRTL _cRTL _beng |
||
| 041 |
_2eng _aeng |
||
| 082 | _aY73(Q6) :3 (S5), P4 | ||
| 100 |
_aLoughlin Gerard _9295698 |
||
| 245 | 0 |
_aAlien sex _bThe body and desire in cinema and Theology |
|
| 260 |
_aMalden _bBlackwell _c2004 |
||
| 300 |
_axxx, 306 _ccm. |
||
| 490 | _aChallenger in Contemporary Theology | ||
| 650 |
_aChristians _9230776 |
||
| 942 |
_hY73(Q6) :3 (S5), P4 _cGB _2CC |
||
| 999 |
_c588866 _d588866 |
||